[Event "Sharjah Masters 2nd"]
[Site "Sharjah"]
[Date "2018.04.19"]
[Round "9"]
[White "Artemiev, Vladislav"]
[Black "Adhiban, Baskaran"]
[Result "1/2-1/2"]
[WhiteElo "2701"]
[BlackElo "2661"]
[Annotator "Adhiban,B"]
[PlyCount "60"]
[EventDate "2018.04.12"]
[EventType "swiss"]
[EventRounds "9"]
[EventCountry "UAE"]
[SourceTitle "CBM 186"]
[Source "ChessBase"]
[SourceDate "2018.09.14"]
[SourceVersion "1"]
[SourceVersionDate "2018.09.14"]
[SourceQuality "1"]

1. d4 d5 (1... Nf6 2. Bf4 c5 3. e3 Qb6 $1) 2. Bf4 c5 {I had more or less
mastered the move orders and checked that there were lots of ways to reach the
desired position.} (2... Nf6 3. e3 Bg4 4. f3 Bd7) 3. e3 Nc6 4. Nf3 Nf6 5. Nbd2
e6 ({For my next game in this line.} 5... cxd4 6. exd4 Bf5 $5 {Recommendation
by ALG.} 7. c3 e6 8. Qb3 Bd6 9. Bg3 Bxg3 10. hxg3 Qd6 11. Qxb7 Rb8 12. Qa6 O-O
13. Nb3 Bc2 14. Rc1 Bxb3 15. axb3 Ne4 16. Qa4 e5 17. Be2 exd4 18. cxd4 Rb6 19.
O-O Rfb8 20. Rfe1 g6 21. Bd3 Nb4 22. Bf1 Nc6 23. Re2 Kg7 24. Rec2 Nd8 25. Rc7
Rxb3 26. Rd7 Qf6 27. Rxd5 Rxf3 28. gxf3 Qxf3 29. Qc2 Nxf2 30. Bg2 Qe3 31. Kf1
Ng4 32. Be4 Qxg3 33. Re1 Ne6 34. Qg2 Ne3+ 35. Rxe3 Qxe3 36. Qf3 Qc1+ {0-1 (36)
Caruana,F (2816)-Grischuk,A (2766) Paris FRA 2018}) 6. c3 cxd4 7. cxd4 {
I was aware of this idea as I had originally planned to play this with White
against none other than VD!} (7. exd4 Nh5) 7... Qb6 8. Rb1 (8. Bd3 {Of course
he had to sacrifice the pawn if he wants to claim an edge.}) 8... Nh5 9. Bg5 (
9. Bg3 Nxg3 10. hxg3 g6 {was a possible plan.}) 9... h6 10. Bh4 g5 11. Bg3 g4
$1 12. Ne5 Nxg3 13. hxg3 Nxe5 14. dxe5 h5 (14... Bg7 15. Rh5 {is White's trick.
}) 15. Qa4+ Bd7 16. Qd4 Bg7 17. Bd3 Rc8 (17... f6) 18. f4 {I had conflicting
emotions during this game which in turn affected my objectivity, I didn't want
to risk too much as the olympiad spot was at stake.} Ke7 (18... f6 $5 19. exf6
Qxd4 20. exd4 Bxf6 21. Nb3 {I felt this should be nothing but...} (21. Bg6+ Ke7
) 21... a5 $5 {would have led to an interesting fight though after} 22. Kd2 a4
23. Nc5 Bxd4 24. Bg6+ Ke7 25. Nxd7 Kxd7 26. Bxh5 Rhg8 {with some chances.}) 19.
Ke2 Qxd4 20. exd4 f5 $5 {Again in line with what I wanted. Just make a draw
and fix the olympiad spot! I surprised myself that I could play like this when
the situation demanded it!} 21. Nb3 b6 22. Ba6 Rc7 (22... Rc2+ 23. Nd2 {
I felt was maybe helping White.}) 23. Rbc1 Kd8 24. Rxc7 Kxc7 25. Rc1+ Kb8 (
25... Kd8 {after this White will have a free hand to develop some plan on the
queenside.} 26. Nd2 {[%cal Gd2b1,Gb1a3,Ga3b5]}) 26. Nd2 Bc8 {Seemed like the
simplest.} (26... h4 27. gxh4 Rxh4 28. Kf2 {wasn't entirely clear.}) 27. Bd3
Bd7 28. Ba6 Bc8 29. Bb5 a6 30. Bd3 Kb7 1/2-1/2

[Event "ESP-chT CECLUB Honor"]
[Site "Linares"]
[Date "2018.08.11"]
[Round "6.2"]
[White "Banusz, Tamas"]
[Black "Adhiban, Baskaran"]
[Result "0-1"]
[WhiteElo "2609"]
[BlackElo "2671"]
[Annotator "Adhiban,B"]
[PlyCount "92"]
[EventDate "2018.08.06"]
[EventType "team-tourn"]
[EventRounds "7"]
[EventCountry "ESP"]
[SourceTitle "CBM 186"]
[Source "ChessBase"]
[SourceDate "2018.09.14"]
[SourceVersion "1"]
[SourceVersionDate "2018.09.14"]
[SourceQuality "1"]
[WhiteTeam "Monzon Jaime Casas"]
[BlackTeam "Solvay"]
[WhiteTeamCountry "ESP"]
[BlackTeamCountry "ESP"]

1. Nf3 d5 2. g3 g6 3. Bg2 Bg7 4. d4 Nf6 5. O-O O-O 6. Nbd2 c5 $5 {An
interesting line which I had tried before.} 7. dxc5 {White is forced to pick
up the gauntlet!} ({Refusing the sacrifice with} 7. c3 {runs into} cxd4 8. cxd4
Nc6 {which is very comfortable for Black.}) 7... Qc7 ({Marin recommends} 7...
Nc6 8. c3 a5 9. Nd4 (9. a4 e5 10. Nb3 h6 {with decent compensation for the
pawn.}) 9... a4 $5 {with a fresh position.}) 8. Nb3 e5 ({Another deviation
mentioned by Marin is} 8... Nbd7 9. c3 e5 10. Be3 Rd8 {(Vidit-Gahan 2005) with
an interesting struggle.}) 9. c3 {Carlsen,M (2881)-Caruana,F (2783) Gashimov
Memorial-A 2014 (10) 1-0 There are some similarities to the epic game} ({
I had previously faced} 9. Bg5 Be6 10. c3 Nbd7 11. Ne1 a5 $5 12. a4 Nxc5 13.
Bxf6 Bxf6 14. Bxd5 Rfd8 15. c4 e4 16. Qc2 Nxb3 17. Qxb3 Bxd5 18. cxd5 Ra6 $1 {
was quite nice for me in (Kunte-AD Pune 2014)}) 9... Rd8 $5 $146 {
Overprotecting the centre!} 10. Bg5 Be6 11. Nfd2 Nbd7 {As White had the dual
idea of f4 and e4, I couldn't really prevent both of them.} (11... a5 12. f4 $1
a4 13. fxe5 Qxe5 14. Bf4 Qh5 15. Nd4 {with a better position for White.}) 12.
e4 Nxc5 {I wasn't so happy to reach this position, but as Naka would say, "It
is what it is!"} 13. Bxf6 Bxf6 14. exd5 (14. Nxc5 Qxc5 15. Nb3 Qc6 {looked
alright for Black.}) 14... Bxd5 15. Bxd5 Rxd5 16. Nxc5 (16. Qf3 $5 Nxb3 17. Ne4
$1 Be7 18. axb3 {White has improved his pawn structure compared to the game
though after} Qc6 {I felt this position should be equal.}) 16... Qxc5 17. Ne4 {
I was surprised by this, as the endgame he should be heading for was Q+N vs Q
vs B! Not the R+N vs R+B as the latter is advantageous for me.} (17. Qe2 Qc6
18. Ne4 Be7 19. Rad1 Rad8 {with an equal endgame.}) 17... Rxd1 18. Nxc5 Rxa1
19. Rxa1 Be7 (19... Rd8 $5 {[%cal Gd8d2] was also possible, hence I wonder
what his point was?}) 20. Nb3 (20. Nxb7 Rb8 21. Na5 Rxb2 22. Nc4 Rc2 23. Nxe5
Rxc3 {White has to be careful not to lose this endgame.}) 20... f6 $5 {Looked
like the best, preventing any Re1 ideas and preparing to bring the king to the
fight.} ({Another option was} 20... Rd8 21. Re1 (21. Na5 {can be met by both}
Rd7 (21... Rd2 $5 22. Nc4 Rc2)) 21... f6 22. f4 Bd6 23. Na5 {felt too much out
of control!} (23. fxe5 Bxe5 24. Re2 {White can hold with accurate play.}) 23...
Bc5+ (23... exf4 24. Nxb7 Rd7 25. Nxd6 Rxd6 26. gxf4 Rd2 {with a probable draw.
}) 24. Kh1 Bb6 (24... b6 25. Nb7 Rd2 26. Nxc5 bxc5 27. fxe5 fxe5 28. Rxe5 Rxb2
29. Rxc5 Rxa2 {with a draw.}) 25. Nc4 exf4 26. gxf4 Kf7 {should also end in a
draw.}) 21. Rd1 {I was bit surprised by this decision as I felt the following
endgame to be very pleasant for me ... while White has to be accurate not to
lose!} (21. Kf1 Kf7 22. Ke2 {White should be able to hold this without too
much trouble.}) 21... Rd8 22. Rxd8+ Bxd8 23. Kf1 (23. Nc5 b6 24. Nd3 Be7 $1 {
doesn't achieve anything.}) 23... Kf7 24. Ke2 b6 {looked like I can't get away
without making this move restricting the knight.} ({The exciting} 24... Ke6 {
doesn't work due to} 25. Nc5+ Kd5 26. Nxb7 Bb6 27. a4 $1 Kc6 28. a5 {I even
felt White could be the one playing for a win here.}) (24... b5 $5 {followed
by ...Bb6 was another plan.}) 25. Kd3 Ke6 26. a4 {This careless move will have
very important repercussions later on...} ({Better was} 26. Kc4 a6 {[%cal
Ge6d6,Gd6c6,Gb6b5,Gf6f5] followed by Kd6-c6 and kicking the king back.} 27. a4
Kd6 28. Na1 $1 {I like this relocation which brings the knight to a more
attractive spot where it does both offensive and defensive roles.} Kc6 29. Nc2
b5+ (29... Be7 30. Nb4+ Bxb4 31. Kxb4 Kd5 32. c4+ Kd4 (32... Kc6 33. a5 bxa5+
34. Kxa5 e4 35. Kb4 f5 36. Kc3 a5 37. Kd4 a4 38. c5)) 30. axb5+ axb5+ 31. Kd3
Bb6 (31... Be7 32. Ke4 $1 {followed by g4! and blockading on the light squares.
}) 32. f3 f5 33. Nb4+ Kd6 34. Nc2 {I think it is difficult for both sides to
make any progress without taking some serious risks.}) 26... Kd5 $1 {Now the
king can't be easily kicked out without c4+ which in turn allows the queenside
pawns to be blocked on the dark squares, a major drawback of a4.} 27. f3 f5 28.
Nd2 Bg5 29. b3 ({I felt was one of the critical continuations, the idea is to
activate the knight via a3-b5.} 29. Nb1 $5 e4+ 30. fxe4+ fxe4+ 31. Kc2 (31. Ke2
Kc4 32. Na3+ Kb3 {is bad.}) 31... Be3 {[%cal Ge3g1,Gg1h2]} (31... Be7) 32. Nd2
$1 Bg1 (32... Bxd2 33. Kxd2 Kc4 34. Kc2) 33. Nf1 {White is barely holding on.})
29... Bxd2 $1 {An interesting decision, I correctly judged that this endgame
would offer me fantastic winning chances!} (29... h5 {is the usual plan
continuing to play on with the bishop.}) 30. Kxd2 e4 {This endgame proves to
be quite tricky due to the move a4, which doesn't help the creation of a
passer on the queenside!} 31. Ke3 exf3 32. Kxf3 g5 33. h4 h6 34. h5 {Otherwise
White loses without a fight, now at least the h-pawn will give me some
headache!} Ke6 {I decided to fool around a bit, reach the time control and
only then decide on how to proceed...} ({Also it was possible to immediately
go for the winning plan with} 34... a6 $5) 35. Ke3 Ke5 36. Kf3 Kd6 37. Ke3 Kc5
{I have had bad experience allowing three fold repetitions and hence I decided
to keep the king far away from the danger zone!} 38. Kf3 ({The computer starts
to scream that} 38. Kd3 $1 {draws easily...} a6 (38... a5 39. Ke3 {and White
just waits until f4 and then lashes out with b4 liquidating to an equal
endgame.}) 39. b4+ (39. a5 bxa5 {doesn't work here due to} (39... b5 40. c4)
40. c4 Kb4) 39... Kd5 40. c4+ Ke5 41. Ke3 {and is very happy with himself
until I show him} (41. a5 bxa5 42. bxa5 {White has managed to create a passed
pawn and but Black has} f4 (42... Ke6 43. Kd4 Kd6 44. c5+ Kc6 45. Ke5 f4 46.
gxf4 g4 47. Ke4 Kxc5 48. f5 Kd6 49. Kf4 Kd5 50. Kxg4 Ke5 51. f6 Kxf6 52. Kf4
Ke6 53. Ke4 {[%csl Ga5,Gh5] and White wins as both his pawns are well advanced!
}) 43. gxf4+ Kxf4 $1 (43... gxf4 44. c5 Kd5) 44. c5 Ke5 45. Kc4 g4 46. Kd3 Kd5
47. Ke3 Kxc5 48. Kf4 Kd4 $1 {Change of direction!} (48... Kb5 49. Kxg4 Kxa5 50.
Kf5 Kb4 51. Kg6 a5 52. Kxh6 a4 53. Kg7 a3 54. h6 a2 55. h7 a1=Q+ 56. Kg8 $11)
49. Kxg4 Ke4 50. Kg3 Kf5 51. Kf3 Kg5 52. Ke4 Kxh5 53. Kd5 Kg4 54. Kc6 h5 55.
Kb6 h4 56. Kxa6 h3 57. Kb7 h2 58. a6 h1=Q+ {wins.}) 41... a5 $1 {And only now
the idiot understands that he is lost here! So computers are still clueless in
endgames maybe that is why the Berlin is still standing?} 42. bxa5 bxa5 43. Kd3
f4 44. gxf4+ Kxf4 $1 {and Black wins!}) 38... a6 (38... a5 39. Ke3 Kd5 40. Kf3
Ke5 41. Ke3 {and Black can't proceed.}) 39. Ke3 Kd5 40. Kf3 Ke5 41. Ke3 f4+ ({
My first idea was} 41... g4 42. b4 ({I missed} 42. a5 $1 bxa5 43. c4) 42... b5
43. a5 Kd5 44. Kd3 Ke6 45. Ke3 (45. Kd4 Kd6) 45... Ke5 {with zuzgwang.}) 42.
gxf4+ gxf4+ 43. Kd3 ({The last chance was} 43. Kf3 Kf5 44. a5 $1 {This pawn
sacrifice is the only way to draw this endgame.} bxa5 45. c4 Ke5 46. Kf2 Ke4
47. Ke2 a4 (47... f3+ 48. Kf2 Kd4 49. Kxf3 a4 50. bxa4 Kxc4 51. Ke4 Kb4 52. Kf5
Kxa4 53. Kg6 a5 54. Kxh6 Kb3 55. Kg7 a4 56. h6 a3 57. h7 a2) 48. bxa4 a5 {
My opponent saw till here and stopped prematurely, thinking it was winning for
me but...} 49. c5 Kd5 50. Kf3 Kxc5 51. Kxf4 Kb4 52. Kf5 Kxa4 53. Kg6 Kb3 54.
Kxh6 a4 55. Kg7 a3 56. h6 a2 57. h7 a1=Q+ 58. Kg8 {ends in a draw.}) 43... Kf5
44. b4 b5 {I thought it was already over...} ({The right way was} 44... Kg4 $1
{preparing f3, so White's move is forced.} 45. Ke2 Kg3 46. Kf1 {and only now}
b5 $1 {winning easily.}) 45. axb5 axb5 46. Kd4 (46. Ke2 Kg4 47. Kf2 f3 {works.}
) ({I was surprised to find that even this was a draw with} 46. Kd2 $3 Ke4 47.
Ke2 f3+ 48. Kf2 {and the key point is now the black king has to come to f4
which allows the b-pawn to queen with a check or give up the f3-pawn!} Kf4 (
48... Kd3 49. Kxf3 Kxc3 50. Kf4 Kxb4 51. Kf5 $11) 49. c4 {It would have been a
bad day...}) 46... Kg4 0-1

[Event "FRA-ch"]
[Site "Meribel"]
[Date "1998.08.18"]
[Round "5"]
[White "Dorfman, Josif D"]
[Black "Guigonis, Dominique"]
[Result "1-0"]
[WhiteElo "2585"]
[BlackElo "2315"]
[Annotator "Apicella,M"]
[PlyCount "45"]
[EventDate "1998.08.14"]
[EventType "tourn"]
[EventRounds "15"]
[EventCountry "FRA"]
[EventCategory "10"]
[SourceTitle "CBM 067"]
[Source "ChessBase"]
[SourceDate "1998.11.30"]
[SourceVersion "2"]
[SourceVersionDate "1998.11.01"]
[SourceQuality "1"]

{Iossif Dorfman, the clear winner in this tournament (5 victories, 10 draws)
played several interesting games, such as the following one against poor
Dominique Guigonis (2.5/15 in the tournament).} 1. Nf3 d5 2. g3 Nd7 3. d4 e6 4.
Bg2 Ngf6 5. O-O Bd6 6. Nc3 a6 (6... c6 7. e4 dxe4 8. Ng5 O-O 9. Ngxe4 Be7 10.
b3 Nxe4 11. Nxe4 Nf6 12. Bb2 Nxe4 13. Bxe4 Bf6 $14 {Nestler -Rometi 1968/1-0 
(33)}) 7. e4 Nxe4 (7... dxe4 8. Ng5 O-O 9. Ngxe4 Be7 10. Qe2 $14 {Rebole Arbe-
Garcia Gomez 1994/0-1 (84)}) 8. Nxe4 dxe4 9. Ng5 f5 $2 (9... O-O 10. Nxe4 Be7
$14) 10. f3 $1 exf3 (10... Nf6 11. fxe4 fxe4 12. Nxe4 $16 {[%csl Re6]}) 11.
Nxe6 $1 Qe7 12. Re1 $1 Ne5 $8 13. dxe5 Bb4 14. Nxg7+ $5 (14. Bg5 Qxe6 15. Qd8+
Kf7 16. Qxh8 Bxe1 (16... Qb6+ $2 17. Be3) (16... fxg2 17. c3 Bc5+ 18. Be3 Qxe5
19. Bxc5 Qxc5+ 20. Kxg2 Qd5+ 21. Kf2 $18) 17. Bxf3 Qb6+ 18. Kh1 Qf2 19. Bh5+
Ke6 20. Qe8+ Kd5 21. Qd8+ Kc6 22. Qd3 $18) 14... Qxg7 15. Bxf3 Bxe1 16. Bh5+
Ke7 17. Qxe1 $18 {[%csl Re7][%cal Ge1b4,Gc1g5,Gh5e8,Gb4e7]} a5 (17... c5 18.
Qa5 $18) 18. Qc3 $1 Ra6 (18... Kd8 19. Bg5+ $1 Qxg5 20. Rd1+ Bd7 21. e6 $18)
19. Qxc7+ Bd7 20. Qc5+ Kd8 21. Bd2 Rc6 22. Qxa5+ Ke7 23. Bb4+ (23. Bb4+ Ke6 24.
Rd1 $18) 1-0

[Event "Nis op"]
[Site "Nis"]
[Date "2016.07.06"]
[Round "9"]
[White "Atalik, Suat"]
[Black "Miljkovic, Miroslav D"]
[Result "1/2-1/2"]
[WhiteElo "2572"]
[BlackElo "2476"]
[Annotator "Atalik,S"]
[PlyCount "73"]
[EventDate "2016.06.28"]
[EventType "swiss"]
[EventRounds "9"]
[EventCountry "YUG"]
[SourceTitle "CBM 174"]
[Source "ChessBase"]
[SourceDate "2016.09.13"]
[SourceVersion "1"]
[SourceVersionDate "2016.09.13"]
[SourceQuality "1"]

1. Nf3 d5 2. g3 g6 3. Bg2 Bg7 4. d4 Nf6 5. O-O O-O 6. c3 $5 {Interesting
opening choice for the money game which turned out to be correct.} c6 (6... c5
$6 7. dxc5 $1) (6... Nbd7 7. Bf4 b6 (7... c5 8. Ne5 Qb6 (8... Nh5 9. Nxd7 Bxd7
10. Be3) 9. Qb3 cxd4 10. Qxb6 Nxb6 11. cxd4) 8. a4) (6... Bf5 7. Qb3 Qc8 8. c4
$5 dxc4 9. Qxc4 Be6 10. Qa4 {are all known little lines.}) 7. Nbd2 c5 $2 {
The tempo loss could not be justified.} (7... Bf5 8. Nh4 $5 {is the new twist.}
(8. Re1 Nbd7 9. Nh4 Be6 10. e4 dxe4 11. Nxe4 Bd5) 8... Be6 9. Qc2 (9. e4 dxe4
10. Nxe4 Nxe4 11. Bxe4 Bd5) (9. f4 Qc8 10. e4 dxe4 11. Nxe4 Nxe4 12. Bxe4 Bc4
13. Re1 e6) 9... Nbd7 10. f4 Ng4 11. Ndf3 f5 12. Ng5 Bf7 13. Nhf3 e6 $13) (7...
Nbd7 8. Re1) 8. dxc5 Qc7 9. Qa4 $1 (9. b4 b6) (9. c4 $6 Qxc5 (9... Rd8) 10.
cxd5 Qxd5 $36) 9... e5 (9... Qxc5 10. Nb3 Qc6 11. Qh4 $40) 10. b4 (10. e4 $5) (
10. Nb3 $6 a5 $1) 10... Be6 11. e4 $1 $16 {All has gone wrong for Black so far.
} (11. Bb2 e4 12. Nd4 e3 13. fxe3) 11... a5 (11... h6 12. exd5 Nxd5 13. Bb2 $16
) (11... dxe4 12. Ng5 Bd7 13. Qb3 e3 14. fxe3 $16) (11... Nxe4 12. Nxe4 dxe4
13. Ng5 Bc4 14. Rd1 f5 15. Bf1 Bxf1 16. Qb3+ Kh8 17. Kxf1 $18) 12. Ng5 $1 (12.
Bb2 h6 $1) 12... Bd7 13. Qb3 $2 ({I had seen} 13. b5 $1 h6 (13... Qxc5 14. Ba3
Qxb5 15. Qxb5 Bxb5 16. Bxf8 Bxf8 17. Rfb1 Bc6 18. exd5 Nxd5 19. c4) 14. exd5
hxg5 15. Ba3 $16 {in my preliminary calculations then I forgot!} (15. c6)) (13.
Qa3 $6 h6 (13... d4 $1 14. Nc4 (14. cxd4 Nc6) 14... dxc3 15. Nb6 Ra6 16. Nd5
axb4 17. Qxb4 $1 Qa5 18. Qxc3 Qxc3 19. Nxc3 Bc6 $11) 14. Nxf7 Rxf7 15. exd5 e4)
13... axb4 (13... h6 14. Nxf7 $1 (14. exd5 hxg5 15. Nc4 axb4 16. cxb4 Ba4 $132)
14... Rxf7 15. exd5 axb4 16. cxb4 Ba4 17. Qa3 $1 $44 {was the backbone of my
plan.}) 14. exd5 $1 (14. cxb4 $2 Ba4 15. Qb1 h6 16. Ngf3 Nc6 $44) 14... bxc3 (
14... Qxc5 15. Nde4 $1 (15. cxb4 Qd4) 15... Nxe4 16. Nxe4 Qc8 17. cxb4 Ba4 18.
Qe3 f5 19. Nc5 e4 20. Rb1 $16) 15. Nde4 Nxe4 16. Nxe4 Ba4 17. d6 (17. Qxc3 f5
18. d6 $1 (18. Ng5 e4) 18... Qf7 19. Ng5 e4 20. Qd2 Qc4 21. Bb2 Bxb2 22. Qxb2
Nd7 $44) 17... Qd7 (17... Qa5 18. Qxc3 Qxc3 19. Nxc3 e4 20. Bd2 $16) 18. Qxc3
f5 (18... Nc6 19. Bh6 $1 Nd4 20. Rfe1 $16) 19. Qc4+ $2 {Bad move order!} (19.
Ng5 e4 20. Qc4+ Kh8 21. Rb1) 19... Kh8 20. Nc3 $6 (20. Ng5 Bb5 21. Qb3 $1 (21.
Qh4 h5 $1 $44 (21... h6 22. Bb2 Ra4 23. f4 Bxf1 24. Bxe5)) 21... Bxf1 22. Bxf1
$40 {The exchange sacrifice would be fully justified.}) 20... e4 21. Be3 Bc2 $1
$132 {Very annoying!} 22. Rfe1 $6 (22. Nd5 Bd3 23. Qb3 Bxf1 24. Rxf1 Qf7 25.
Rb1 Nc6 26. Bf1 $44) 22... Nc6 $1 (22... Bd3 23. Qb3) 23. Nd5 Bd3 24. Qc1 Qf7
$6 (24... Bxa1 $1 25. Qxa1+ Qg7 26. Qxg7+ Kxg7 27. Nc7 Rxa2 28. Ne6+ Kf7 29.
Nxf8 Kxf8 30. f3 Ke8 31. fxe4 fxe4 32. Bf2 Ra4 $11) 25. Nc7 $6 (25. Nb6 $142
Ra5 26. a4) 25... Ra4 $6 (25... Rxa2 26. Rxa2 Qxa2 27. Bh6 Bb2 28. Qd2 Rb8 29.
Bg5 Qb3 30. Qd1 $1 Qxd1 31. Rxd1 Kg7 32. Bf1 Bxf1 33. Kxf1 Kf7 34. Be3 $16) 26.
Bh6 $1 Nd4 (26... Rc4 27. Bxg7+ Qxg7 28. Qd2 Rc2 29. Qe3 Rb8 30. Ne6 Qf6 31.
Nf4 Ne5) 27. Bxg7+ Qxg7 {The quality of the game was marred with mutual time
trouble.} 28. Kh1 $2 {However this howlerwhich I produced after some thinking
time did not fit the image.} (28. Qg5 Rc4 29. Rac1 h6 30. Qd2 $1) (28. Qd2 $142
$1 Rc4 (28... Nb3 $2 29. axb3 Rxa1 30. Ne6) 29. Rac1 Qe5 30. Rxc4 Bxc4 31. Rd1
Bd3 32. Qg5 Qxc5 33. Qe7 Kg8 34. Ne6 Nxe6 35. Qxe6+ Kg7 36. d7 Be2 37. Rb1 Bc4
38. Qe8 Bf7 39. Rxb7 Kh6 40. Rc7 Rxe8 41. dxe8=Q Qxc7 42. Qf8+ Kg5 43. h4+ Kf6
44. a4 $11) 28... Rc4 29. Qb2 Rc2 30. Qxb7 Rxf2 $1 31. Qd5 $2 {Giving away one
important tempo while his king is in danger leaves White lost!} (31. c6 $1 Nf3
32. Qb4 Qh6 33. h4 Nxh4 34. gxh4 Qxh4+ 35. Kg1 Rc2 (35... Qg3 $2 36. Qd4+) 36.
Qd4+ Kg8 37. Ne6 Rxg2+ 38. Kxg2 Qg4+ $1) 31... Nf3 $1 $19 32. Qb3 (32. Rab1 $2
Qh6 33. h4 Rxg2 $1 $19) 32... Qh6 $6 {Doctor was in worse time trouble!} (32...
f4 $1 $19) 33. Qc3+ Kg8 34. Qb3+ Kh8 $2 {With less than a minute on his clock
Black accepts the perpetual,} ({alas} 34... Rf7 $1 35. Qb8+ (35. h4 Rxg2 $1)
35... Kg7 36. Ne8+ (36. Ne6+ Kf6) 36... Kh8 $19 {would have ended White's
menaces.}) 35. Qc3+ Kg8 36. Qb3+ Kh8 37. Qc3+ 1/2-1/2

[Event "GRE-chT 30th"]
[Site "Athens"]
[Date "2001.07.10"]
[Round "4"]
[White "Managadze, Nikoloz"]
[Black "Atalik, Suat"]
[Result "1/2-1/2"]
[WhiteElo "2420"]
[BlackElo "2532"]
[Annotator "Atalik,S"]
[PlyCount "104"]
[EventDate "2001.07.07"]
[EventType "team"]
[EventRounds "9"]
[EventCountry "GRE"]
[SourceTitle "EXT 2003"]
[Source "ChessBase"]
[SourceDate "2002.11.25"]
[SourceVersion "1"]
[SourceVersionDate "2002.11.25"]
[SourceQuality "1"]

1. Nf3 d5 2. g3 g6 3. Bg2 Bg7 4. d4 c6 $5 {this move somehow prevents c4.} 5.
O-O Nf6 6. Nbd2 O-O 7. Ne5 {A strange move.} Nbd7 8. Nxd7 Bxd7 9. e4 $2 {
A hasty decision by white.} dxe4 $1 (9... Nxe4 $6 10. Nxe4 dxe4 11. c3 Bf5 (
11... f5 12. Qb3+) 12. Qe2 $11) 10. Nxe4 $2 {Extremely careless play! 
Extremely careless play.} (10. c3 Bf5 11. Re1 (11. Qe2 Re8 12. Nxe4 Bxe4 13.
Bxe4 e5 $17) 11... Re8 12. Nxe4 Nxe4 13. Bxe4 Bxe4 14. Rxe4 e5 $17) 10... Nxe4
11. Bxe4 Bh3 $19 {White loses a pawn.} 12. Re1 Qxd4 13. Qxd4 Bxd4 14. c3 Bb6
15. a4 a5 16. Bf3 Bc5 $2 (16... Rfe8 17. Bf4 (17. Bh6 e5) 17... Rad8 {looks
more natural.}) 17. Be3 Bxe3 18. Rxe3 Be6 19. b4 Ra7 $6 (19... Rfd8 20. b5 cxb5
21. axb5 Rd7 22. Ra4 $44) 20. Re5 Rd8 21. Rxa5 Rxa5 22. bxa5 Bc4 23. Rb1 Ba6
24. Bg2 Ra8 $4 {However this was too much.} (24... Rd3 25. Bf1 Rd5 26. Bxa6
bxa6 27. Rb6 Rxa5 28. Rxc6 Rxa4 $15) (24... g5 $5) 25. Bf1 $1 $11 Bxf1 26. Kxf1
Ra7 27. a6 Rxa6 28. Rxb7 Rxa4 29. Rxe7 {Draw offer.} Ra3 30. Re3 Kf8 31. h4 h5
32. Kg2 Kg7 33. Kf3 Kf6 34. Kf4 Ra5 35. Re4 Rc5 36. c4 Ra5 37. f3 g5+ 38. hxg5+
Rxg5 39. g4 $6 {This will not change the result but will make white too sweat
a liitle bit more.} h4 40. Rd4 Rc5 41. g5+ Rxg5 42. Rd6+ Ke7 43. Rxc6 Rh5 44.
Ra6 f5 45. Rb6 h3 46. Rb1 Kd6 47. Kg3 Kc5 48. Rh1 Kxc4 49. f4 $8 (49. Rxh3 $4
f4+ 50. Kg4 Rxh3 51. Kxh3 Kd3 52. Kh4 Ke2 53. Kg4 Ke3 $19 {and black wins by
trebuchet!}) 49... h2 50. Rxh2 Rxh2 51. Kxh2 Kd3 52. Kg2 Ke3 {But now due to
quasi-trebuchet it is a draw.} 1/2-1/2